000 00664nam a2200205Ia 4500
003 GCL
008 140319s9999 xx 000 0 ara d
040 _aGCL /
_cGCL
082 0 4 _a956.609
_bر ك
100 1 _aراجى عشقونى
245 1 0 _aكمال جنبلاط فى الحقيقة والتاريخ /
_cراجى عشقونى
260 _a[S.N] :
_bلجنة الاعلام والدراسات المستقبلية ،
_c1989
300 _a202 ص
490 _aحقائق فى خدمة وطنى
_v0
650 0 4 _aالعصر الحديث
650 0 4 _aتاريخ
650 0 4 _aلبنان
650 0 4 _aالاحزاب السياسية
942 _2ddc
_cBK
999 _c55651
_d55651